00741nam a2200169 a 450000100100000000500170001000800410002704000250006808200170009310000420011024501370015225000320028926000350032130000210035695201770037799900170055400004210720201002035938.0131114s1916 sp 000 0 spa d aDO-SdBNPbspacBNPHU axxxxxbxxxxx1 aZorrilla de San Martín, Juan96910713aLa epopeya de artigas :bhistoria de los tiempos heróicos de la República Oriental del Uruguay /cJuan Zorrilla de San Martín. a2a ed. corregida y ampliada aBarcelona :bLuis Gili,c1916. a750 p. ;c19 cm. 001050718MOaGRbGRcHDd2013-11-14iLF1l0oxxxxx xxxxxp42107-10r2020-06-25w2020-06-25y1zPerteneció a la biblioteca personal de Julio Ortega Frier.ZNo se presta c41596d41596